Tiendas ambulantes de las cooperativas en Checoslovaquia /

Hlavní autor: Janula, Ladislav
Jazyk: Španělština
Vydáno: Praga : Svépomoc, 1967
Fyzický popis: 51 s.
Knihy
Uloženo v:
LEADER 00572nam a22001932a 4500
001 001327024
003 CZ BrMZK
005 20130917094959.0
007 ta
008 130917s1967 xr er|||||||||||spa d
040 |a BOA001  |b cze 
100 1 |a Janula, Ladislav  |7 jx20040820009  |4 aut 
245 1 0 |a Tiendas ambulantes de las cooperativas en Checoslovaquia /  |c Ladislav Janula 
260 |a Praga :  |b Svépomoc,  |c 1967 
300 |a 51 s. 
910 |a BOA001  |b 2-0580.401 
990 |a BK 
991 |b 201309 
996 7 |b 2619017927  |c 2-0580.401  |l HP2  |r DEN  |n 0  |w 001362014  |u 000010  |a 1  |e BOA001  |j MZK50  |s A